Biarritz - Choix multiples - Statistiques

Statistiques générales
  • Ce quiz a été pris 187 fois
    177 depuis la dernière actualisation
  • Le résultat moyen est 7 sur 10
Statistiques - réponses
Question Réponse % Correct
Le golfe vu ci-dessus, est en forme d'entonnoir naturel, favorisant la formation de grosses vagues. Quel sport est très pratiqué et attire les touristes du monde entier ? Le surf
99%
Comment s'appelle l'hôtel de luxe situé au bord de l'océan et qui ressemble à ceci : ?
L'hôtel du Palais
91%
Quel golfe maritime trouve-t-on à Biarritz ? Le Golfe de Gascogne
80%
Comment accède-t-on aujourd'hui au Rocher de la Vierge ? Par une passerelle métallique
77%
L'hôtel de la question précédente était tout d'abord une résidence impériale, mais elle fut construite par qui ? Napoléon III
75%
Quelle photo n'a PAS été prise à Biarritz ?
71%
Lequel se mange-t-il ? :) Le béret basque
62%
Avant de devenir une station balnéaire, Biarritz était un petit village de pêcheurs. Quelle activité particulière y était pratiquée au Moyen-Âge ? La pêche à la baleine pour un but commercial
60%
Quelle plage ne se trouve pas à Biarritz ? Plage du Centenaire
60%
Qu'est-ce qui est très particulier sur le temps qu'il fait à Biarritz ? C'est la ville la plus pluvieuse de France métropolitaine, en cumuls de pluie
44%
Aucun quiz correspondant
Distribution des résultats
% des personnes avec chaque résultat
Percentile par nombre de réponses
Votre historique - résultats
Vous n’avez pas pris ce quiz depuis la dernière actualisation